UBT Library

Fad surfing in the boardroom : (Record no. 45019)

000 -LEADER
fixed length control field 00738pam a2200229 a 4500
001 - CONTROL NUMBER
control field 4472710
005 - DATE AND TIME OF LATEST TRANSACTION
control field 20180314083231.0
008 - FIXED-LENGTH DATA ELEMENTS--GENERAL INFORMATION
fixed length control field 960814s1996 maua b 001 0 eng
010 ## - LIBRARY OF CONGRESS CONTROL NUMBER
LC control number 96041473
020 ## - INTERNATIONAL STANDARD BOOK NUMBER
International Standard Book Number 0201441950 (pbk. : alk. paper)
040 ## - CATALOGING SOURCE
Original cataloging agency DLC
Transcribing agency DLC
Modifying agency DLC
041 ## - LANGUAGE CODE
Language code of text/sound track or separate title eng
080 ## - UNIVERSAL DECIMAL CLASSIFICATION NUMBER
Universal Decimal Classification number 658 SHAP
082 00 - DEWEY DECIMAL CLASSIFICATION NUMBER
Classification number 658 SHAP
Edition number 20
100 1# - Rafti
Rafti 57
101 ## - Shkurtesa
Shkurtesa BIZ
245 10 - TITLE STATEMENT
Title Fad surfing in the boardroom :
Statement of responsibility, etc Eileen C. Shapiro.
504 ## - BIBLIOGRAPHY, ETC. NOTE
Bibliography, etc Includes bibliographical references (p. 230-244) and index.
906 ## - LOCAL DATA ELEMENT F, LDF (RLIN)
a 7
b cbc
c orignew
d 1
e ocip
f 19
g y-gencatlg
942 ## - ADDED ENTRY ELEMENTS (KOHA)
Source of classification or shelving scheme
Item type Books
Holdings
Withdrawn status Lost status Source of classification or shelving scheme Damaged status Not for loan Collection code Permanent location Current location Shelving location Date acquired Total Checkouts Full call number Barcode Date last seen Price effective from Koha item type
          Koleksioni i përgjithshem UBT - Lipjan UBT - Lipjan Koleksioni i përgjithshem 03/14/2018   658 SHAP 002-3001835 03/14/2018 03/14/2018 Books
UBT Library © 2015-2024. All rights reserved University Education for Business and Technology